01155 2200193 4500001002100000005001500021035002000036008004100056245005300097100003000150250000600180260003200186300001200218084001400230082000800244650001000252520068700262990001200949INLIS00000000000109020240522101014 a0010-0524000325240522 1 ind 1 aMerindu Baginda Nabi /cHabiburrahman El Shirazy aEl Shirazy, Habiburrahman a1 aJakarta :bRepublika,c2018 a176 hlm a813 HAB m a813 4aFiksi aAwan putih yang bergerombol itu seumpama kumpulan jutaan malaikat yang sedang berzikir dalam diam. Gadis berjilbab merah marun itu menyeka air matanya sambil memandang ke luar jendela pesawat yang dinaikinya. Ada kerinduan yang menggelegak dan membara dalam dadanya. Kerinduan kepada Baginda Nabi, menyatu dengan kerinduan kepada abah dan umminya, serta teman-temannya, anak-anak yatim di Darus Sakinah sana. Diam-diam ia merasa iri dengan abahnya. Bagaimana abahnya bisa memiliki rasa rindu sedemikian dalam kepada Baginda Nabi Saw.. Ia berharap suatu saat juga memiliki rasa rindu seperti itu. Rasa rindu nan dahsyat yang hanya dikaruniakan oleh Allah kepada hamba-hamba terpilih. a0744068